| 000 | 01215cam a22003494a 4500 | ||
|---|---|---|---|
| 001 | 1806 | ||
| 003 | FISKH | ||
| 005 | 20250820091749.0 | ||
| 008 | 000106s2000 nyua j b 001 0 eng | ||
| 010 | _a 00020654 | ||
| 020 | _a0516230921 | ||
| 020 | _a0516230174 (pbk.) | ||
| 040 |
_aDLC _cDLC _dDLC _beng |
||
| 042 |
_apcc _alcac |
||
| 050 | 0 | 0 |
_aHV7922 _b.K67 2000 |
| 082 | 0 | 0 |
_a363.2/023/73 _221 |
| 100 | 1 | _aKottke, Jan. | |
| 245 | 1 | 2 |
_aA day with police officers / _cby Jan Kottke. |
| 260 |
_aNew York : _bScholastic, _c2000. |
||
| 300 |
_a24 pages : _bcolor illustrations ; _c16 x 18 cm. |
||
| 490 | _aWelcome Books | ||
| 505 | _aG | ||
| 520 | _aIllustrations and simple text describe different kinds of police officers and the work they do. | ||
| 521 | 8 |
_a420
_bLexile |
|
| 521 | 8 |
_aG
_bRaz-Plus |
|
| 650 | 0 |
_aPolice _vJuvenile literature. |
|
| 650 | 1 | _aPolice. | |
| 650 | 1 | _aOccupations. | |
| 906 |
_a7 _bcbc _corignew _d1 _eocip _f20 _gy-gencatlg |
||
| 942 |
_2ddc _cBK _n0 |
||
| 999 |
_c1806 _d1806 |
||